MARC

LEADER 00000nam0a2200000 4500
001 356570
005 20231102010915.0
035 |a (RuTPU)RU\TPU\retro\13830 
090 |a 356570 
100 |a 20200722d1977 m y0rusy50 ca 
101 0 |a rus 
102 |a RU 
105 |a a z 001zy 
200 1 |a Московское зарядье. История архитектурных памятников  |f И. И. Казакевич 
210 |a Москва  |c Искусство  |d 1977 
215 |a 208 с.  |c ил. 
320 |a Список иллюстраций: с. 200-207 
606 1 |a Архитектурные памятники городов  |x История  |2 stltpush  |3 (RuTPU)RU\TPU\subj\29494  |9 52809 
606 1 |a Культовая архитектура  |2 stltpush  |3 (RuTPU)RU\TPU\subj\16741  |9 42677 
610 1 |a градостроительство 
610 1 |a Москва 
610 1 |a церкви 
610 1 |a монастыри 
610 1 |a Китай-город 
610 1 |a гостиницы 
610 1 |a архитектурные ансамбли 
610 1 |a фотоальбомы 
675 |a 711.424  |v 4 
675 |a 726  |v 4 
700 1 |a Казакевич  |b И. И.  |g Инесса Ивановна 
801 1 |a RU  |b 63413507  |c 20200722 
801 2 |a RU  |b 63413507  |c 20210128  |g RCR 
942 |c BK